书目信息 |
| 题名: |
跨尺度运动图像的插值、增强与重建
|
|
| 作者: | 杜军平 , 梁美玉 , 訾玲玲 著 | |
| 分册: | ||
| 出版信息: | 北京 北京邮电大学出版社 2019.04 |
|
| 页数: | 225页 | |
| 开本: | 26cm | |
| 丛书名: | ||
| 单 册: | ||
| 中图分类: | TN911.73 | |
| 科图分类: | ||
| 主题词: | 数字图象处理--shu zi tu xiang chu li | |
| 电子资源: | ||
| ISBN: | 978-7-5635-4924-5 | |
| 000 | 01167nam0 2200313 450 | |
| 001 | CAL 0120192751755 | |
| 005 | 20190511103758.1 | |
| 010 | @a978-7-5635-4924-5@dCNY45.00 | |
| 100 | @a20190510d2019 em y0chiy50 ea | |
| 101 | 0 | @achi |
| 102 | @aCN@b110000 | |
| 105 | @aak a 000yy | |
| 106 | @ar | |
| 200 | 1 | @a跨尺度运动图像的插值、增强与重建@Akua chi du yun dong tu xiang de cha zhi 、 zeng qiang yu zhong jian@f杜军平, 梁美玉, 訾玲玲著@Fdu jun ping , liang mei yu , zi ling ling zhu |
| 210 | @a北京@c北京邮电大学出版社@d2019.04 | |
| 215 | @a225页@c图@d26cm | |
| 300 | @a“十三五”科学技术专著丛书 | |
| 312 | @a英文题名取自封面 | |
| 320 | @a有书目 | |
| 330 | @a本书从系统知识框架出发, 严谨地阐述了多元运动图像的跨尺度分析与融合, 内容新, 论述深入, 科研水平价格高。 | |
| 510 | 1 | @aInterpolation, enhancement and reconstruction of transcale motion images@zeng |
| 586 | @a | |
| 606 | 0 | @a数字图象处理@Ashu zi tu xiang chu li |
| 690 | @aTN911.73@v5 | |
| 701 | 0 | @a杜军平@Adu jun ping@4著 |
| 701 | 0 | @a梁美玉@Aliang mei yu@4著 |
| 701 | 0 | @a訾玲玲@Azi ling ling@4著 |
| 801 | 0 | @aCN@c20190510 |
| 905 | @a河南城建学院图书馆@dTN911.73@eD824@f2 | |
| 跨尺度运动图像的插值、增强与重建/杜军平, 梁美玉, 訾玲玲著.-北京:北京邮电大学出版社,2019.04 |
| 225页:图;26cm |
| “十三五”科学技术专著丛书 |
| ISBN 978-7-5635-4924-5:CNY45.00 |
| 本书从系统知识框架出发, 严谨地阐述了多元运动图像的跨尺度分析与融合, 内容新, 论述深入, 科研水平价格高。 |
| ● |
| 相关链接 |
|
|
|
正题名:跨尺度运动图像的插值、增强与重建
索取号:TN911.73/D824
 
预约/预借
| 序号 | 登录号 | 条形码 | 馆藏地/架位号 | 状态 | 备注 |
| 1 | 1416309 | 214163091 | 自科库301/301自科库 36排2列3层/ [索取号:TN911.73/D824] | 在馆 | |
| 2 | 1416310 | 214163108 | 自科库301/301自科库 36排2列3层/ [索取号:TN911.73/D824] | 在馆 |